<?xml version="1.0" encoding="UTF-8"?>
<record
    xmlns:xsi="http://www.w3.org/2001/XMLSchema-instance"
    xsi:schemaLocation="http://www.loc.gov/MARC21/slim http://www.loc.gov/standards/marcxml/schema/MARC21slim.xsd"
    xmlns="http://www.loc.gov/MARC21/slim">

  <leader>01766nam0a2200349   4500</leader>
  <controlfield tag="001">RU\NLR\bibl\8366</controlfield>
  <controlfield tag="005">20260407074613.0</controlfield>
  <datafield tag="010" ind1=" " ind2=" ">
    <subfield code="a">5-073-86169-1</subfield>
    <subfield code="9">1000</subfield>
  </datafield>
  <datafield tag="035" ind1=" " ind2=" ">
    <subfield code="a">(NLR Aleph) 000008170</subfield>
  </datafield>
  <datafield tag="090" ind1=" " ind2=" ">
    <subfield code="a">25860</subfield>
    <subfield code="c">25860</subfield>
  </datafield>
  <datafield tag="100" ind1=" " ind2=" ">
    <subfield code="a">19981124d1997    |||y0rusy50      ca</subfield>
  </datafield>
  <datafield tag="101" ind1="1" ind2=" ">
    <subfield code="a">rus</subfield>
  </datafield>
  <datafield tag="102" ind1=" " ind2=" ">
    <subfield code="a">RU</subfield>
  </datafield>
  <datafield tag="105" ind1=" " ind2=" ">
    <subfield code="a">a   |||||||||</subfield>
  </datafield>
  <datafield tag="200" ind1="1" ind2=" ">
    <subfield code="a">&#x41A;&#x43D;&#x438;&#x433;&#x430; &#x433;&#x43B;&#x430;&#x433;&#x43E;&#x43B;&#x435;&#x43C;&#x430;&#x44F; &#x41F;&#x440;&#x43E;&#x445;&#x43B;&#x430;&#x434;&#x43D;&#x44B;&#x439; &#x432;&#x435;&#x440;&#x442;&#x43E;&#x433;&#x440;&#x430;&#x434;</subfield>
    <subfield code="e">[&#x421;&#x431;.</subfield>
    <subfield code="f">&#x420;&#x43E;&#x441;. &#x433;&#x43E;&#x441;. &#x431;-&#x43A;&#x430;</subfield>
    <subfield code="g">&#x421;&#x43E;&#x441;&#x442;., &#x43F;&#x440;&#x435;&#x434;&#x438;&#x441;&#x43B;., &#x432;&#x441;&#x442;&#x443;&#x43F;. &#x441;&#x442;., &#x43F;&#x435;&#x440;., &#x43A;&#x43E;&#x43C;&#x43C;&#x435;&#x43D;&#x442;. &#x422;.&#x410;. &#x418;&#x441;&#x430;&#x447;&#x435;&#x43D;&#x43A;&#x43E;]</subfield>
  </datafield>
  <datafield tag="210" ind1=" " ind2=" ">
    <subfield code="a">&#x41C;.</subfield>
    <subfield code="c">&#x410;&#x440;&#x445;&#x435;&#x43E;&#x433;&#x440;. &#x446;&#x435;&#x43D;&#x442;&#x440;</subfield>
    <subfield code="d">1997</subfield>
  </datafield>
  <datafield tag="215" ind1=" " ind2=" ">
    <subfield code="a">411 &#x441;.</subfield>
    <subfield code="c">&#x438;&#x43B;., &#x444;&#x430;&#x43A;&#x441;.</subfield>
    <subfield code="d">17</subfield>
  </datafield>
  <datafield tag="320" ind1=" " ind2=" ">
    <subfield code="a">&#x423;&#x43A;&#x430;&#x437;.: &#x414;&#x440;&#x435;&#x432;&#x43D;&#x435;&#x440;&#x443;&#x441;. &#x43D;&#x430;&#x437;&#x432;&#x430;&#x43D;&#x438;&#x44F; &#x440;&#x430;&#x441;&#x442;&#x435;&#x43D;&#x438;&#x439;, &#x438;&#x445; &#x43B;&#x430;&#x442;. &#x438; &#x441;&#x43E;&#x432;&#x440;&#x435;&#x43C;. &#x440;&#x443;&#x441;. &#x441;&#x43E;&#x43E;&#x442;&#x432;&#x435;&#x442;&#x441;&#x442;&#x432;&#x438;&#x44F;: &#x441;. 382-390</subfield>
  </datafield>
  <datafield tag="320" ind1=" " ind2=" ">
    <subfield code="a">&#x421;&#x43E;&#x432;&#x440;&#x435;&#x43C;. &#x43D;&#x430;&#x437;&#x432;&#x430;&#x43D;&#x438;&#x44F; &#x440;&#x430;&#x441;&#x442;&#x435;&#x43D;&#x438;&#x439;, &#x434;&#x440;. &#x43B;&#x435;&#x43A;&#x430;&#x440;&#x441;&#x442;&#x432;. &#x441;&#x440;&#x435;&#x434;&#x441;&#x442;&#x432; &#x438; &#x438;&#x445; &#x434;&#x440;&#x435;&#x432;&#x43D;&#x435;&#x440;&#x443;&#x441;. &#x441;&#x43E;&#x43E;&#x442;&#x432;&#x435;&#x442;&#x441;&#x442;&#x432;&#x438;&#x44F;: &#x441;.390-398</subfield>
  </datafield>
  <datafield tag="320" ind1=" " ind2=" ">
    <subfield code="a">&#x414;&#x440;&#x435;&#x432;&#x43D;&#x435;&#x440;&#x443;&#x441;. &#x43D;&#x430;&#x438;&#x43C;&#x435;&#x43D;&#x43E;&#x432;&#x430;&#x43D;&#x438;&#x44F; &#x431;&#x43E;&#x43B;&#x435;&#x437;&#x43D;&#x435;&#x439;, &#x443;&#x43F;&#x43E;&#x43C;&#x438;&#x43D;&#x430;&#x435;&#x43C;&#x44B;&#x435; &#x432; "&#x41F;&#x440;&#x43E;&#x445;&#x43B;&#x430;&#x434;&#x43D;&#x43E;&#x43C; &#x432;&#x435;&#x440;&#x442;&#x43E;&#x433;&#x440;&#x430;&#x434;&#x435;" &#x438; &#x438;&#x445; &#x432;&#x43E;&#x437;&#x43C;&#x43E;&#x436;. &#x441;&#x43E;&#x43E;&#x442;&#x432;&#x435;&#x442;&#x441;&#x442;&#x432;&#x438;&#x44F;: &#x441;. 399-409</subfield>
  </datafield>
  <datafield tag="320" ind1=" " ind2=" ">
    <subfield code="a">&#x411;&#x438;&#x431;&#x43B;&#x438;&#x43E;&#x433;&#x440;. &#x432; &#x43F;&#x43E;&#x434;&#x441;&#x442;&#x440;&#x43E;&#x447;. &#x43F;&#x440;&#x438;&#x43C;&#x435;&#x447;.</subfield>
  </datafield>
  <datafield tag="606" ind1="0" ind2=" ">
    <subfield code="a">&#x41B;&#x435;&#x447;&#x435;&#x431;&#x43D;&#x438;&#x43A;&#x438;</subfield>
    <subfield code="9">1496558</subfield>
    <subfield code="3">RU\NLR\auth\66647072</subfield>
  </datafield>
  <datafield tag="686" ind1=" " ind2=" ">
    <subfield code="a">&#x420;.&#x44F;97</subfield>
  </datafield>
  <datafield tag="702" ind1=" " ind2="1">
    <subfield code="a">&#x418;&#x441;&#x430;&#x447;&#x435;&#x43D;&#x43A;&#x43E;</subfield>
    <subfield code="b">&#x422;. &#x410;.</subfield>
    <subfield code="g">&#x422;&#x430;&#x442;&#x44C;&#x44F;&#x43D;&#x430; &#x410;&#x43B;&#x435;&#x43A;&#x441;&#x430;&#x43D;&#x434;&#x440;&#x43E;&#x432;&#x43D;&#x430;</subfield>
  </datafield>
  <datafield tag="712" ind1="0" ind2="2">
    <subfield code="4">570</subfield>
    <subfield code="a">&#x420;&#x43E;&#x441;&#x441;&#x438;&#x439;&#x441;&#x43A;&#x430;&#x44F; &#x433;&#x43E;&#x441;&#x443;&#x434;&#x430;&#x440;&#x441;&#x442;&#x432;&#x435;&#x43D;&#x43D;&#x430;&#x44F; &#x431;&#x438;&#x431;&#x43B;&#x438;&#x43E;&#x442;&#x435;&#x43A;&#x430;</subfield>
    <subfield code="3">RU\NLR\AUTH\883411</subfield>
    <subfield code="9">278072</subfield>
  </datafield>
  <datafield tag="801" ind1=" " ind2="0">
    <subfield code="a">RU</subfield>
    <subfield code="b">NLR</subfield>
    <subfield code="c">19981124</subfield>
    <subfield code="g">PSBO</subfield>
  </datafield>
  <datafield tag="801" ind1=" " ind2="1">
    <subfield code="a">RU</subfield>
    <subfield code="b">NLR</subfield>
    <subfield code="c">19981124</subfield>
  </datafield>
  <datafield tag="830" ind1=" " ind2=" ">
    <subfield code="a">&#x421;&#x43E;&#x441;&#x442;. &#x440;&#x430;&#x441;&#x43A;&#x440;&#x44B;&#x442; &#x43F;&#x43E; &#x43A;&#x43D;.</subfield>
  </datafield>
  <datafield tag="852" ind1=" " ind2=" ">
    <subfield code="a">NLR</subfield>
    <subfield code="j">98-2/1520</subfield>
  </datafield>
  <datafield tag="942" ind1=" " ind2=" ">
    <subfield code="c">BOOK</subfield>
  </datafield>
  <datafield tag="980" ind1=" " ind2=" ">
    <subfield code="a">NB</subfield>
  </datafield>
  <datafield tag="995" ind1=" " ind2=" ">
    <subfield code="5">2004-09-30</subfield>
    <subfield code="a">az</subfield>
    <subfield code="b">NLR02</subfield>
    <subfield code="c">NLR02</subfield>
    <subfield code="e">NZ3</subfield>
    <subfield code="f">1-282645</subfield>
    <subfield code="k">&#x41D;&#x437;  &#x420;359/&#x41A;-532</subfield>
    <subfield code="o">0</subfield>
    <subfield code="r">BOOK</subfield>
    <subfield code="s">_359532</subfield>
  </datafield>
  <datafield tag="995" ind1=" " ind2=" ">
    <subfield code="5">2004-10-27</subfield>
    <subfield code="a">az</subfield>
    <subfield code="b">NLR01</subfield>
    <subfield code="c">NLR01</subfield>
    <subfield code="e">OZ3</subfield>
    <subfield code="f">1-354607</subfield>
    <subfield code="k">&#x41C;1 &#x420;359/&#x41A;-532</subfield>
    <subfield code="o">0</subfield>
    <subfield code="r">BOOK</subfield>
    <subfield code="s">1_359532</subfield>
  </datafield>
  <datafield tag="995" ind1=" " ind2=" ">
    <subfield code="5">2014-05-08</subfield>
    <subfield code="a">au</subfield>
    <subfield code="b">NLR03</subfield>
    <subfield code="c">NLR03</subfield>
    <subfield code="e">UJZ</subfield>
    <subfield code="f">1-350447</subfield>
    <subfield code="k">&#x42E; &#x420;35/&#x41A;-53</subfield>
    <subfield code="o">0</subfield>
    <subfield code="r">BOOK</subfield>
    <subfield code="s">_3553</subfield>
  </datafield>
</record>
